• 首页
  • 本馆介绍
  • 公告通知
  • 最新文献
  • 馆藏检索
  • 电子资源
  • 读者导购
  • 参考咨询
  • 我的图书馆
  • 登录
  • 详细信息显示
  • 放入我的书架
  • 预约/预借图书
  • 作者相关作品
  • 分类相关作品
  • 丛书相关作品
  • 出版社相关作品

书目信息

  • 表格格式
  • 工作单格式
  • 卡片格式
题名:
化学原理
    
 
作者: 格雷 , Gray , 海特 , Haight 著 ;杨炳良 译
分册:  
出版信息: 北京   高等教育出版社  1985
页数: 452页
开本: 26cm
丛书名:
单 册:
中图分类: O6 , O6-0
科图分类:
主题词: 普通化学--高等学校--教材 , 化学--理论 , 化学--方法
电子资源:
ISBN:
000 00955nam0 2200349 45
001 0185010874
005 20040701100942.0
010    @dCNY6.05
091    @a13010.0891
100    @a19900816d1985 em y0chiy0121 ea
101 1  @achi@bfre@ceng
102    @aCN@b110000
105    @ay z 000yy
106    @ar
200 10 @a化学原理@Ahua xue yuan li@f(美)格雷(Gray,H.), (美)海特(Haight,P.)著@g杨炳良译
210    @a北京@c高等教育出版社@d1985
215    @a452页@d26cm
300    @a美国大学一年级教材
300    @a根据1973年法文版译出
606    @a普通化学@x高等学校@x教材
606 0  @a化学@x理论
606 0  @a化学@x方法
690    @aO6@v3
690    @aO6-0@v3
701  1 @a格雷@Age lei@bH.@4著
701 A1 @aGray@bH.@4著
701  1 @a海特@Ahai te@bP.@4著
701 A1 @aHaight@bP.@4著
702  0 @a杨炳良@Ayang bing liang@4译
801  0 @aCN@b深圳图书馆@c20040519
801  2 @aCN@bNLC@c20040519
905    @dO6-0@e176@f1@b151368
    
    化学原理/(美)格雷(Gray,H.), (美)海特(Haight,P.)著/杨炳良译.-北京:高等教育出版社,1985
    452页;26cm
    美国大学一年级教材.-根据1973年法文版译出
    
    ISBN :CNY6.05
    
●
相关链接 在E读中查询图书 在五车中查询图书 在当当中查询图书 在豆瓣中查询图书


正题名:化学原理     索取号:O6-0/176         预约/预借

序号 登录号 条形码 馆藏地/架位号 状态 备注
1 0151367   000340027   第三借阅区/ [索取号:O6-0/176] 在馆    
2 0151368   001944702   第三借阅区/ [索取号:O6-0/176] 在馆    
3 0151369   000340036   第三借阅区/ [索取号:O6-0/176] 在馆    
4 0151370   000340045   第三借阅区/ [索取号:O6-0/176] 在馆    
5 0151371   202097738   第二样本阅览室/ [索取号:O6-0/176] 在馆    
唐山师范学院图书馆 欢迎您!
大连网信软件有限公司© 版权所有